Nutrition essentials for nursing practice / (رقم التسجيلة. 27188)

تفاصيل مارك
000 -الفاتح
حقل البيانات ثابتة الطول 02246cam a22004094a 4500
001 - رقم الضبط
رقم الضبط 15814274
003 - محدد رقم الضبط
رقم الضبط OSt
005 - وقت وتاريخ اخر تعامل مع التسجيلة
رقم الضبط 20150408114112.0
008 - عناصر البيانات ثابتة الطول - معلومات عامة
حقل البيانات ثابتة الطول 090710s2010 paua b 001 0 eng
010 ## - رقم ضبط مكتبة الكونجرس
رقم ضبط مكتبة الكونجرس 2009028370
016 7# - رقم ضبط الوكاله الوطنية للضبط الببليوجرافي
رقم ضبط التسجيلة 101510292
المصدر DNLM
020 ## - الرقم الدولى المعيارى للكتب
الرقم الدولى المعيارى للكتاب 9780781784542 (alk. paper)
020 ## - الرقم الدولى المعيارى للكتب
الرقم الدولى المعيارى للكتاب 0781784549 (alk. paper)
035 ## - رقم ضبط النظام
رقم ضبط النظام (OCoLC)ocn426115352
040 ## - مصدر الفهرسة
وكالة الفهرسة الأصلية DNLM/DLC
وكالة النسخ DLC
وكالة التعديل YDX
-- BTCTA
-- NLM
-- DLC
042 ## - رمز التحقق
رمز التحقق pcc
050 00 - رقم طلب مكتبة الكونجرس
رقم التصنيف RM216
رقم المادة .D8627 2010
060 10 - رقم الطلب بالمكتبة الطبية الوطنية
رقم التصنيف WB 39
رقم المادة D845n 2010
082 00 - رقم تصنيف ديوى العشرى
رقم التصنيف 615.854
رقم الطبعة 22
رقم المادة DSN
100 1# - المدخل الرئيسى - إسم شخصى
الإسم الشخصى Dudek, Susan G.
9 (RLIN) 10097
245 10 - بيان العنوان
العنوان Nutrition essentials for nursing practice /
بيان المسئوليه,etc Susan G. Dudek.
250 ## - بيان الطبعة
بيان الطبعة 6th ed.
260 ## - PUBLICATION, DISTRIBUTION, ETC. (IMPRINT)
مكان الناشر او الموزع Philadelphia :
اسم الناشر او الموزع Wolters Kluwer Health/Lippincott Williams & Wilkins,
تاريخ النشر أو التوزيع c2010.
300 ## - الوصف المادى
التعداد x, 598 p. :
تفاصيل ماديه اخرى للوعاء ill. (some col.) ;
أبعاد الوعاء 26 cm.
504 ## - تبصرة ببليوجرافية
تبصرة ببليوجرافية,الخ Includes bibliographical references and index.
505 0# - تبصرة محتويات-الفهرس
تبصرة المحتويات المصاغة Nutrition in nursing -- Carbohydrates -- Protein -- Lipids -- Vitamins -- Water and minerals -- Energy balance -- Guidelines for healthy eating -- Consumer issues -- Cultural and religious influences on food and nutrition -- Healthy eating for healthy babies -- Nutrition for infants, children, and adolescents -- Nutrition for older adults -- Obesity and eating disorders -- Feeding patients : oral diets and enteral and parenteral nutrition -- Nutrition for patients with metabolic or respiratory stress -- Nutrition for patients with upper gastrointestinal disorders -- Nutrition for patients with disorders of the lower GI tract and accessory organs -- Nutrition for patients with diabetes mellitus -- Nutrition for patients with cardiovascular disorders -- Nutrition for patients with kidney disorders -- Nutrition for patients with cancer or HIV/AIDS.
650 #0 - المدخل الاضافى بالموضوع-مصطلح موضوعى
مصطلح موضوعي أو اسم جغرافي كعنصر مدخل Diet therapy.
650 #0 - المدخل الاضافى بالموضوع-مصطلح موضوعى
مصطلح موضوعي أو اسم جغرافي كعنصر مدخل Nutrition.
650 #0 - المدخل الاضافى بالموضوع-مصطلح موضوعى
مصطلح موضوعي أو اسم جغرافي كعنصر مدخل Nursing.
650 12 - المدخل الاضافى بالموضوع-مصطلح موضوعى
مصطلح موضوعي أو اسم جغرافي كعنصر مدخل Diet Therapy
التقسيم الفرعي الشكلي Handbooks.
650 12 - المدخل الاضافى بالموضوع-مصطلح موضوعى
مصطلح موضوعي أو اسم جغرافي كعنصر مدخل Diet Therapy
التقسيم الفرعي الشكلي Nurses' Instruction.
9 (RLIN) 10099
650 22 - المدخل الاضافى بالموضوع-مصطلح موضوعى
مصطلح موضوعي أو اسم جغرافي كعنصر مدخل Nutritional Physiological Phenomena
التقسيم الفرعي الشكلي Handbooks.
9 (RLIN) 20069
650 22 - المدخل الاضافى بالموضوع-مصطلح موضوعى
مصطلح موضوعي أو اسم جغرافي كعنصر مدخل Nutritional Physiological Phenomena
التقسيم الفرعي الشكلي Nurses' Instruction.
9 (RLIN) 11464
906 ## - عنصر بيانات محلى F, LDF (RLIN)
a 7
b cbc
c orignew
d 1
e ecip
f 20
g y-gencatlg
942 ## - عناصر المدخل الإضافي( كوها)
مصدر التصنيف او مخطط الترفيف Dewey Decimal Classification
Koha [default] item type DVD
المقتنيات
حالة الفقد نموذج السعر الفعال حالة تلف ليس للاعارة رقم الطلب تاريخ الاكتساب الموقع الحالي الباركود الفرع الرئيسي Date last seen نوع المادة فى نظام كوها مصدر التصنيف او خطة الترفيف Total Checkouts Date last checked out
  2013-03-10     615.854 DSN 2013-01-29 مكتبة كلية العلوم الطبية التطبيقية بالمجمعة - طالبات (AMF) 00500261 مكتبة كلية العلوم الطبية التطبيقية بالمجمعة - طالبات (AMF) 2013-03-10 كتاب Dewey Decimal Classification    
  2013-03-10     615.854 DSN 2013-01-29 مكتبة كلية العلوم الطبية التطبيقية بالمجمعة - طالبات (AMF) 00500190 مكتبة كلية العلوم الطبية التطبيقية بالمجمعة - طالبات (AMF) 2020-02-12 كتاب Dewey Decimal Classification    
  2013-03-10     615.854 DSN 2013-01-29 مكتبة كلية العلوم الطبية التطبيقية بالمجمعة - طالبات (AMF) 00500188 مكتبة كلية العلوم الطبية التطبيقية بالمجمعة - طالبات (AMF) 2020-02-11 كتاب Dewey Decimal Classification 1 2017-10-08
  2013-03-10     615.854 DSN 2013-01-29 مكتبة كلية العلوم الطبية التطبيقية بالمجمعة - طالبات (AMF) 00500189 مكتبة كلية العلوم الطبية التطبيقية بالمجمعة - طالبات (AMF) 2017-10-17 كتاب Dewey Decimal Classification 1 2017-10-03
  2022-01-11     615.854 DSN 2022-01-11 مكتبة كلية العلوم الطبية التطبيقية بالمجمعة - طالبات (AMF) 00503639 مكتبة كلية العلوم الطبية التطبيقية بالمجمعة - طالبات (AMF) 2022-01-11 كتاب Dewey Decimal Classification    
  2022-01-11     615.854 DSN 2022-01-11 مكتبة كلية العلوم الطبية التطبيقية بالمجمعة - طالبات (AMF) 00503640 مكتبة كلية العلوم الطبية التطبيقية بالمجمعة - طالبات (AMF) 2022-01-11 كتاب Dewey Decimal Classification    
  2022-01-11     615.854 DSN 2022-01-11 مكتبة كلية العلوم الطبية التطبيقية بالمجمعة - طالبات (AMF) 00503641 مكتبة كلية العلوم الطبية التطبيقية بالمجمعة - طالبات (AMF) 2022-01-11 كتاب Dewey Decimal Classification    
  2022-01-11     615.854 DSN 2022-01-11 مكتبة كلية العلوم الطبية التطبيقية بالمجمعة - طالبات (AMF) 00503642 مكتبة كلية العلوم الطبية التطبيقية بالمجمعة - طالبات (AMF) 2022-01-11 كتاب Dewey Decimal Classification    
  2022-01-11     615.854 DSN 2022-01-11 مكتبة كلية العلوم الطبية التطبيقية بالمجمعة - طالبات (AMF) 00503643 مكتبة كلية العلوم الطبية التطبيقية بالمجمعة - طالبات (AMF) 2022-01-11 كتاب Dewey Decimal Classification    
  2022-01-11     615.854 DSN 2022-01-11 مكتبة كلية العلوم الطبية التطبيقية بالمجمعة - طالبات (AMF) 00503644 مكتبة كلية العلوم الطبية التطبيقية بالمجمعة - طالبات (AMF) 2022-01-11 كتاب Dewey Decimal Classification    
  2022-01-11     615.854 DSN 2022-01-11 مكتبة كلية العلوم الطبية التطبيقية بالمجمعة - طالبات (AMF) 00503645 مكتبة كلية العلوم الطبية التطبيقية بالمجمعة - طالبات (AMF) 2022-01-11 كتاب Dewey Decimal Classification    
  2022-01-11     615.854 DSN 2022-01-11 مكتبة كلية العلوم الطبية التطبيقية بالمجمعة - طالبات (AMF) 00503646 مكتبة كلية العلوم الطبية التطبيقية بالمجمعة - طالبات (AMF) 2022-01-11 كتاب Dewey Decimal Classification    
  2022-01-11     615.854 DSN 2022-01-11 مكتبة كلية العلوم الطبية التطبيقية بالمجمعة - طالبات (AMF) 00503647 مكتبة كلية العلوم الطبية التطبيقية بالمجمعة - طالبات (AMF) 2022-01-11 كتاب Dewey Decimal Classification